| 000 | 00738cam a2200241 a 4500 | ||
|---|---|---|---|
| 001 | 000018194 | ||
| 005 | 20200929165409.0 | ||
| 008 | 881109s1986 ck 000 p spa d | ||
| 035 | _a(DLC) 88885131 | ||
| 040 |
_aDO-SdBNP _bspa _cDLC _dDLC _dBNPHU |
||
| 082 |
_aC861.44 _bB412p |
||
| 100 | 1 |
_aBedoya M., Luis Iván, _d1947- _917375 |
|
| 245 | 1 | 0 |
_aProtocolo de la vida o pedal fantasma / _cLuis Iván Bedoya. |
| 260 |
_aMedellín : _bOtras Palabras, _c1986. |
||
| 300 |
_a57 p. ; _c16 cm. |
||
| 490 | 1 |
_aPoesía _v5 |
|
| 650 | 4 |
_aPoesía colombiana _93742 |
|
| 650 | 4 |
_aLiteratura colombiana _ySIGLO XX _914409 |
|
| 740 | 0 | _aPedal fantasma. | |
| 830 | 0 |
_aPoesía ; _v5. _91183 |
|
| 910 | _aCatalogación por copia / LC | ||
| 049 | _aBNGR | ||
| 999 |
_c17715 _d17715 |
||